[Event "DVM U20 2022"]
[Site "Münster GER"]
[Date "2022.12.30"]
[Round "7"]
[White "Skabs, Denis"]
[Black "Meyling, Lennart"]
[Result "1-0"]
[Termination "normal"]
[Board "1.5"]
[WhiteElo "2021"]
[BlackElo "2147"]
[WhiteClock "00:37:30"]
[BlackClock "00:35:56"]
[WhiteTeam "Schachfreunde Brackel 1930 e. V."]
[BlackTeam "Hamburger SK von 1830 eV"]
[PlyCount "127"]
[WhiteFideId "16248449"]
[BlackFideId "12947130"]
[EventCountry "GER"]
[EventRounds "7"]
[EventType "team-swiss"]
[EventDate "2022.12.26"]

1. e4 {[%emt 0:00:02]} e5 {[%emt 0:00:08]} 2. Nc3 {[%emt 0:00:22]} d6 {[%emt
0:02:50]} 3. f4 {[%emt 0:01:26]} exf4 {[%emt 0:01:26]} 4. Nf3 {[%emt 0:03:28]}
g5 {[%emt 0:02:22]} 5. g3 {[%emt 0:06:09]} g4 {[%emt 0:14:08]} 6. Nh4 {[%emt
0:00:52]} Be7 {[%emt 0:10:31]} 7. Ng2 {[%emt 0:00:35]} f3 {[%emt 0:01:32]} 8.
Ne3 {[%emt 0:00:31]} h5 {[%emt 0:01:38]} 9. h3 {[%emt 0:00:14]} Bh4 {[%emt
0:06:41]} 10. Kf2 {[%emt 0:04:54]} Bg5 {[%emt 0:10:32]} 11. d4 {[%emt 0:21:58]}
h4 {[%emt 0:01:35]} 12. hxg4 {[%emt 0:00:50]} hxg3 {[%emt 0:00:16]} 13. Kxg3
{[%emt 0:00:23]} Rxh1 {[%emt 0:00:21]} 14. Bb5 {[%emt 0:00:04]} c6 {[%emt
0:00:56]} 15. Qxh1 {[%emt 0:00:04]} cxb5 {[%emt 0:00:16]} 16. Ned5 {[%emt
0:03:32]} Bxc1 {[%emt 0:01:21]} 17. Rxc1 {[%emt 0:00:06]} Na6 {[%emt 0:03:27]}
18. Nxb5 {[%emt 0:09:04]} Be6 {[%emt 0:00:49]} 19. Qh7 {[%emt 0:04:10]} Kf8
{[%emt 0:00:28]} 20. Rf1 {[%emt 0:01:45]} Bxd5 {[%emt 0:05:01]} 21. exd5 {[%emt
0:01:18]} Nc7 {[%emt 0:00:54]} 22. Rxf3 {[%emt 0:00:26]} Qe7 {[%emt 0:00:04]}
23. Nxc7 {[%emt 0:00:54]} Qxc7 {[%emt 0:00:07]} 24. g5 {[%emt 0:00:15]} Qe7
{[%emt 0:00:15]} 25. g6 {[%emt 0:01:44]} f6 {[%emt 0:00:07]} 26. Qxe7 {[%emt
0:00:27]} Kxe7 {[%emt 0:00:18]} 27. Rc3 {[%emt 0:00:40]} Kd7 {[%emt 0:00:22]}
28. Rb3 {[%emt 0:00:44]} b6 {[%emt 0:00:11]} 29. Kf4 Ne7 30. Rg3 Rg8 31. g7 Ke8
32. c4 Kf7 33. Ra3 Ra8 34. Re3 Rc8 35. Re6 Rd8 36. Re3 Rd7 37. Rg3 Rc7 38. b3
Rc8 39. Re3 b5 40. Re6 bxc4 41. bxc4 Rd8 42. Re3 Ng8 43. Ra3 Rd7 44. c5 Kxg7
45. c6 Rf7 46. Re3 Ne7 47. Re6 Nxd5 48. Ke4 Nc3 49. Kd3 Nb5 50. a4 Nc7 51. Rxd6
Kf8 52. d5 Ke8 53. Kc4 f5 54. Rh6 Rf8 55. d6 Na8 56. Rh7 Nb6 57. Kd4 Kd8 58. a5
Kc8 59. Rxa7 Nd7 60. cxd7 Kb8 61. Rc7 f4 62. Rc8 Rxc8 63. dxc8=Q Kxc8 64. a6
1-0

[Event "DVM U20 2022"]
[Site "Münster GER"]
[Date "2022.12.30"]
[Round "7"]
[White "Engel, Robert"]
[Black "Seref, Erdogan"]
[Result "1/2-1/2"]
[Termination "normal"]
[Board "1.6"]
[WhiteElo "2141"]
[BlackElo "1987"]
[WhiteClock "00:40:06"]
[BlackClock "00:23:16"]
[WhiteTeam "Hamburger SK von 1830 eV"]
[BlackTeam "Schachfreunde Brackel 1930 e. V."]
[PlyCount "97"]
[WhiteFideId "12974684"]
[BlackFideId "16206827"]
[EventCountry "GER"]
[EventRounds "7"]
[EventType "team-swiss"]
[EventDate "2022.12.26"]

1. e4 e5 {[%emt 0:00:12]} 2. Nf3 {[%emt 0:00:05]} Nf6 {[%emt 0:00:18]} 3. Nxe5
{[%emt 0:00:06]} d6 {[%emt 0:00:21]} 4. Nf3 {[%emt 0:00:05]} Nxe4 {[%emt
0:00:20]} 5. c4 {[%emt 0:00:02]} d5 {[%emt 0:15:21]} 6. Nc3 {[%emt 0:01:18]}
Bc5 {[%emt 0:06:34]} 7. d4 {[%emt 0:06:11]} Nxc3 {[%emt 0:07:46]} 8. bxc3
{[%emt 0:00:49]} Be7 {[%emt 0:00:22]} 9. Qb3 {[%emt 0:10:14]} c6 {[%emt
0:10:26]} 10. cxd5 {[%emt 0:09:30]} Qxd5 {[%emt 0:07:21]} 11. c4 {[%emt
0:11:13]} Qd6 {[%emt 0:04:38]} 12. Be2 {[%emt 0:03:04]} O-O {[%emt 0:03:01]}
13. O-O {[%emt 0:00:44]} Nd7 {[%emt 0:03:32]} 14. Be3 {[%emt 0:03:23]} Nf6
{[%emt 0:05:28]} 15. h3 {[%emt 0:06:11]} Re8 {[%emt 0:07:09]} 16. Rfd1 {[%emt
0:05:03]} Qc7 {[%emt 0:02:28]} 17. Rac1 {[%emt 0:00:52]} Bf5 18. d5 c5 19. Bd3
Bg6 20. Rb1 Rab8 21. Bxg6 hxg6 22. Qa4 b6 23. Qc2 Bd6 24. a4 Ne4 25. Re1 Re7
26. Nd2 Rbe8 27. Nxe4 Rxe4 28. a5 Bf4 29. axb6 axb6 30. Bd2 Qe5 31. Rxe4 Qxe4
32. Qxe4 Rxe4 33. Bxf4 Rxf4 34. d6 Kf8 35. Rxb6 Ke8 36. Rb7 Rxc4 37. Re7 Kf8
38. Rc7 Ke8 39. Re7 Kf8 40. Re5 Rd4 41. Rxc5 Rxd6 42. Rc7 Rd2 43. f3 g5 44. Kh2
f6 45. Kg3 Kg8 46. Rc4 Kf7 47. h4 gxh4 48. Rxh4 g5 49. Ra4 1/2-1/2

[Event "DVM U20 2022"]
[Site "Münster GER"]
[Date "2022.12.30"]
[Round "7"]
[White "Mätzkow, Maximilian Paul"]
[Black "Suvorov, Alexander"]
[Result "0-1"]
[Termination "normal"]
[Board "2.1"]
[WhiteTitle "FM"]
[BlackTitle "FM"]
[WhiteElo "2281"]
[BlackElo "2345"]
[WhiteClock "00:46:04"]
[BlackClock "00:19:57"]
[WhiteTeam "SC Kreuzberg e.V."]
[BlackTeam "Schachgemeinschaft Porz e. V."]
[PlyCount "70"]
[WhiteFideId "24679933"]
[BlackFideId "12977063"]
[EventCountry "GER"]
[EventRounds "7"]
[EventType "team-swiss"]
[EventDate "2022.12.26"]

1. d4 {[%emt 0:00:02]} Nf6 {[%emt 0:00:17]} 2. c4 {[%emt 0:00:05]} g6 {[%emt
0:00:36]} 3. Nf3 {[%emt 0:00:06]} Bg7 {[%emt 0:00:25]} 4. g3 {[%emt 0:00:04]}
O-O {[%emt 0:00:33]} 5. Bg2 {[%emt 0:00:03]} d6 {[%emt 0:00:39]} 6. O-O {[%emt
0:00:05]} c6 {[%emt 0:01:14]} 7. Nc3 {[%emt 0:00:11]} Bf5 {[%emt 0:01:00]} 8.
Re1 {[%emt 0:17:05]} Ne4 {[%emt 0:04:02]} 9. Ng5 {[%emt 0:02:55]} Nxc3 {[%emt
0:07:44]} 10. bxc3 {[%emt 0:00:20]} h6 {[%emt 0:07:26]} 11. e4 {[%emt 0:00:43]}
Bc8 {[%emt 0:02:43]} 12. Nf3 {[%emt 0:00:37]} Nd7 {[%emt 0:10:02]} 13. h4
{[%emt 0:08:32]} Nb6 {[%emt 0:14:12]} 14. Qd3 {[%emt 0:05:09]} Be6 {[%emt
0:04:35]} 15. Nd2 {[%emt 0:01:39]} Na4 {[%emt 0:16:07]} 16. Nb3 {[%emt
0:05:39]} c5 {[%emt 0:03:19]} 17. Bd2 {[%emt 0:03:11]} Nb2 {[%emt 0:01:41]} 18.
Qc2 {[%emt 0:06:08]} Nxc4 {[%emt 0:00:10]} 19. d5 {[%emt 0:01:20]} Bd7 {[%emt
0:00:52]} 20. h5 {[%emt 0:00:36]} b5 {[%emt 0:02:53]} 21. f4 a5 22. Rad1 a4 23.
Nc1 Bg4 24. hxg6 fxg6 25. Ne2 Qa5 26. e5 Bf5 27. Be4 Nxd2 28. Rxd2 b4 29. g4
Bxg4 30. Bxg6 bxc3 31. Nxc3 Rxf4 32. Rg2 Qb4 33. Re4 Rxe4 34. Qxe4 Qxc3 35.
Rxg4 Qxe5 0-1

[Event "DVM U20 2022"]
[Site "Münster GER"]
[Date "2022.12.30"]
[Round "7"]
[White "Suvorov, Luca"]
[Black "Dathe, Frederick"]
[Result "1-0"]
[Termination "normal"]
[Board "2.2"]
[WhiteTitle "FM"]
[WhiteElo "2299"]
[BlackElo "2089"]
[WhiteClock "00:14:59"]
[BlackClock "00:47:57"]
[WhiteTeam "Schachgemeinschaft Porz e. V."]
[BlackTeam "SC Kreuzberg e.V."]
[PlyCount "79"]
[WhiteFideId "12977071"]
[BlackFideId "12963070"]
[EventCountry "GER"]
[EventRounds "7"]
[EventType "team-swiss"]
[EventDate "2022.12.26"]

1. d4 Nf6 {[%emt 0:00:26]} 2. c4 {[%emt 0:00:06]} g6 {[%emt 0:01:09]} 3. f3
{[%emt 0:00:45]} Bg7 {[%emt 0:00:17]} 4. e4 {[%emt 0:00:07]} d6 {[%emt
0:00:16]} 5. Nc3 {[%emt 0:00:19]} O-O {[%emt 0:00:23]} 6. Nge2 {[%emt 0:00:38]}
c5 {[%emt 0:01:34]} 7. d5 {[%emt 0:00:25]} e6 {[%emt 0:01:43]} 8. Ng3 {[%emt
0:01:16]} exd5 {[%emt 0:00:33]} 9. cxd5 {[%emt 0:00:08]} a6 {[%emt 0:02:22]}
10. a4 {[%emt 0:00:29]} Nbd7 {[%emt 0:01:59]} 11. Be2 {[%emt 0:01:35]} Rb8
{[%emt 0:04:03]} 12. O-O {[%emt 0:04:35]} Re8 {[%emt 0:01:21]} 13. Be3 {[%emt
0:21:17]} h5 {[%emt 0:03:55]} 14. Nh1 {[%emt 0:09:03]} Ne5 {[%emt 0:15:53]} 15.
h3 {[%emt 0:25:09]} b5 {[%emt 0:11:05]} 16. axb5 {[%emt 0:09:16]} axb5 {[%emt
0:00:09]} 17. Bxb5 {[%emt 0:08:23]} Bd7 {[%emt 0:02:17]} 18. Be2 {[%emt
0:00:56]} Rb4 {[%emt 0:02:11]} 19. Nf2 Qb8 20. Rb1 Re7 21. b3 Bc8 22. f4 Ned7
23. Qc2 Nb6 24. Rfd1 Nxe4 25. Ncxe4 f5 26. Bd2 fxe4 27. Bxb4 cxb4 28. Nxe4 Bf5
29. Bd3 Kh8 30. Ng3 Nxd5 31. Nxf5 gxf5 32. Re1 Rc7 33. Qf2 Rc3 34. Bc4 Nf6 35.
Rbd1 Rxc4 36. bxc4 b3 37. Qe2 b2 38. Rb1 Qa7 39. Qf2 Qxf2 40. Kxf2 1-0

[Event "DVM U20 2022"]
[Site "Münster GER"]
[Date "2022.12.30"]
[Round "7"]
[White "Hommel, Niclas"]
[Black "Gallasch, Jonas"]
[Result "0-1"]
[Termination "normal"]
[Board "2.3"]
[WhiteElo "2002"]
[BlackElo "2282"]
[WhiteClock "00:11:58"]
[BlackClock "00:53:38"]
[WhiteTeam "SC Kreuzberg e.V."]
[BlackTeam "Schachgemeinschaft Porz e. V."]
[PlyCount "80"]
[WhiteFideId "12974927"]
[BlackFideId "16222474"]
[EventCountry "GER"]
[EventRounds "7"]
[EventType "team-swiss"]
[EventDate "2022.12.26"]

1. e4 {[%emt 0:00:02]} c6 {[%emt 0:00:05]} 2. Nf3 {[%emt 0:00:03]} d5 {[%emt
0:00:05]} 3. Nc3 {[%emt 0:00:04]} dxe4 {[%emt 0:00:22]} 4. Nxe4 {[%emt
0:00:06]} Nf6 {[%emt 0:00:04]} 5. Qe2 {[%emt 0:00:05]} Nxe4 {[%emt 0:00:05]} 6.
Qxe4 {[%emt 0:00:04]} Be6 {[%emt 0:00:05]} 7. d4 {[%emt 0:13:49]} Nd7 {[%emt
0:00:13]} 8. Bd3 {[%emt 0:04:11]} Nf6 {[%emt 0:00:19]} 9. Qe2 {[%emt 0:00:05]}
Bg4 {[%emt 0:00:29]} 10. Bf4 {[%emt 0:15:47]} Qa5 {[%emt 0:08:45]} 11. Bd2
{[%emt 0:11:09]} Qh5 {[%emt 0:00:52]} 12. O-O-O {[%emt 0:09:08]} e6 {[%emt
0:01:46]} 13. h3 {[%emt 0:05:33]} Bxf3 {[%emt 0:00:08]} 14. gxf3 {[%emt
0:00:04]} g6 {[%emt 0:06:40]} 15. Kb1 {[%emt 0:07:27]} Bh6 {[%emt 0:04:12]} 16.
Bb4 {[%emt 0:00:07]} Nd5 {[%emt 0:01:06]} 17. Bd6 {[%emt 0:09:36]} Bf4 {[%emt
0:04:48]} 18. Ba3 {[%emt 0:04:18]} Bc7 {[%emt 0:02:51]} 19. c4 {[%emt 0:07:13]}
Nf4 {[%emt 0:00:19]} 20. Qc2 {[%emt 0:00:10]} O-O-O {[%emt 0:13:34]} 21. Be7
{[%emt 0:00:04]} Rd7 22. Bf6 Rg8 23. Be4 Qa5 24. Rhg1 Nh5 25. Bg5 Bf4 26. d5
Bxg5 27. Rxg5 Nf6 28. h4 Rgd8 29. d6 c5 30. Qd2 Qxd2 31. Rxc5 Kb8 32. Rxd2 Rxd6
33. Rxd6 Rxd6 34. Rb5 Nxe4 35. fxe4 Rd2 36. f3 Rh2 37. Rb3 Rxh4 38. Kc2 f5 39.
exf5 exf5 40. Kd3 Rf4 0-1

[Event "DVM U20 2022"]
[Site "Münster GER"]
[Date "2022.12.30"]
[Round "7"]
[White "Perkampus, Laurin"]
[Black "Fock, Amina"]
[Result "1-0"]
[Termination "normal"]
[Board "2.4"]
[WhiteElo "2168"]
[BlackElo "1827"]
[WhiteClock "00:38:31"]
[BlackClock "00:36:30"]
[WhiteTeam "Schachgemeinschaft Porz e. V."]
[BlackTeam "SC Kreuzberg e.V."]
[PlyCount "48"]
[WhiteFideId "16232283"]
[BlackFideId "12981982"]
[EventCountry "GER"]
[EventRounds "7"]
[EventType "team-swiss"]
[EventDate "2022.12.26"]

1. d4 {[%clk 01:30:53]} {[%emt 00:00:06]} Nf6 {[%clk 01:30:55]} {[%emt
00:00:07]} 2. c4 {[%clk 01:31:17]} {[%emt 00:00:04]} e6 {[%clk 01:31:20]}
{[%emt 00:00:05]} 3. Nc3 {[%clk 01:31:44]} {[%emt 00:00:04]} Bb4 {[%clk
01:31:44]} {[%emt 00:00:07]} 4. Qc2 {[%clk 01:32:08]} {[%emt 00:00:04]} O-O
{[%clk 01:31:55]} {[%emt 00:00:20]} 5. e4 {[%clk 01:31:50]} {[%emt 00:00:48]}
d5 {[%clk 01:31:24]} {[%emt 00:01:01]} 6. e5 {[%clk 01:31:48]} {[%emt
00:00:32]} Ne4 {[%clk 01:31:40]} {[%emt 00:00:14]} 7. Bd3 {[%clk 01:32:14]}
{[%emt 00:00:04]} c5 {[%clk 01:32:04]} {[%emt 00:00:06]} 8. Nge2 {[%clk
01:32:41]} {[%emt 00:00:03]} cxd4 {[%clk 01:31:53]} {[%emt 00:00:42]} 9. Nxd4
{[%clk 01:32:39]} {[%emt 00:00:31]} Nd7 {[%clk 01:31:47]} {[%emt 00:00:35]} 10.
Bf4 {[%clk 01:33:05]} {[%emt 00:00:05]} Qh4 {[%clk 01:32:00]} {[%emt 00:00:18]}
11. g3 {[%clk 01:33:30]} {[%emt 00:00:04]} Qh5 {[%clk 01:31:58]} {[%emt
00:00:32]} 12. O-O {[%clk 01:33:01]} {[%emt 00:00:59]} g5 {[%clk 01:30:52]}
{[%emt 00:01:37]} 13. cxd5 {[%clk 01:33:25]} {[%emt 00:00:05]} Bxc3 {[%clk
01:30:42]} {[%emt 00:00:39]} 14. bxc3 {[%clk 01:33:45]} {[%emt 00:00:12]} exd5
{[%clk 01:30:54]} {[%emt 00:00:17]} 15. Be3 {[%clk 01:34:00]} {[%emt 00:00:15]}
Nxe5 {[%clk 01:23:59]} {[%emt 00:07:25]} 16. f3 {[%clk 01:33:47]} {[%emt
00:00:44]} Nxd3 {[%clk 01:19:17]} {[%emt 00:05:11]} 17. Qxd3 {[%clk 01:33:40]}
{[%emt 00:00:37]} Nd6 {[%clk 01:18:19]} {[%emt 00:01:28]} 18. g4 {[%clk
01:33:47]} {[%emt 00:00:23]} Qh4 {[%clk 01:08:36]} {[%emt 00:10:13]} 19. Rae1
{[%clk 01:13:50]} {[%emt 00:20:26]} Bd7 {[%clk 00:56:27]} {[%emt 00:12:40]} 20.
Bf2 {[%clk 01:02:51]} {[%emt 00:11:28]} Qh6 {[%clk 00:56:03]} {[%emt 00:00:55]}
21. Re5 {[%clk 00:58:06]} {[%emt 00:05:14]} Bc6 {[%clk 00:42:21]} {[%emt
00:14:13]} 22. Be3 {[%clk 00:41:34]} {[%emt 00:17:02]} f6 {[%clk 00:37:43]}
{[%emt 00:05:08]} 23. Re6 {[%clk 00:40:28]} {[%emt 00:01:34]} Nc4 {[%clk
00:36:16]} {[%emt 00:01:58]} 24. Nf5 {[%clk 00:38:31]} {[%emt 00:02:27]} Qh3
{[%clk 00:36:30]} {[%emt 00:00:16]} *

[Event "DVM U20 2022"]
[Site "Münster GER"]
[Date "2022.12.30"]
[Round "7"]
[White "Sabirov, Rafael"]
[Black "Kilic, Hasan"]
[Result "1-0"]
[Termination "normal"]
[Board "2.6"]
[WhiteElo "1991"]
[BlackElo "1486"]
[WhiteClock "00:28:15"]
[BlackClock "00:44:45"]
[WhiteTeam "Schachgemeinschaft Porz e. V."]
[BlackTeam "SC Kreuzberg e.V."]
[PlyCount "47"]
[WhiteFideId "16241185"]
[BlackFideId "34613404"]
[EventCountry "GER"]
[EventRounds "7"]
[EventType "team-swiss"]
[EventDate "2022.12.26"]

1. e4 c6 {[%emt 0:00:20]} 2. d4 {[%emt 0:00:04]} d5 {[%emt 0:00:04]} 3. Nc3
{[%emt 0:00:04]} dxe4 {[%emt 0:00:11]} 4. Nxe4 {[%emt 0:00:01]} Nf6 {[%emt
0:00:10]} 5. Nxf6 {[%emt 0:00:05]} gxf6 {[%emt 0:04:00]} 6. Bf4 {[%emt
0:05:11]} Qb6 {[%emt 0:03:42]} 7. Bc1 {[%emt 0:07:13]} Bf5 {[%emt 0:03:13]} 8.
c3 {[%emt 0:03:47]} Rg8 {[%emt 0:09:51]} 9. Bd3 {[%emt 0:16:42]} Bxd3 {[%emt
0:05:25]} 10. Qxd3 {[%emt 0:00:05]} Rxg2 {[%emt 0:01:13]} 11. Qh3 {[%emt
0:01:20]} Rg7 {[%emt 0:01:54]} 12. Qc8 {[%emt 0:03:59]} Qd8 {[%emt 0:01:07]}
13. Qxb7 {[%emt 0:00:44]} Nd7 {[%emt 0:00:29]} 14. Qxc6 {[%emt 0:01:20]} Rc8
{[%emt 0:01:23]} 15. Qa4 {[%emt 0:06:42]} e5 {[%emt 0:06:11]} 16. Ne2 {[%emt
0:02:12]} Rg4 {[%emt 0:02:40]} 17. Be3 {[%emt 0:03:58]} f5 {[%emt 0:03:25]} 18.
f3 {[%emt 0:08:29]} Rg2 {[%emt 0:06:13]} 19. Kf1 {[%emt 0:02:53]} Rg6 {[%emt
0:01:16]} 20. dxe5 {[%emt 0:07:18]} Bc5 {[%emt 0:03:06]} 21. Bxc5 Rxc5 22. Qd4
Rxe5 23. Rd1 Rxe2 24. Qh8 1-0

[Event "DVM U20 2022"]
[Site "Münster GER"]
[Date "2022.12.30"]
[Round "7"]
[White "Nöldner, Julian"]
[Black "Stelmaszyk, Nico"]
[Result "1/2-1/2"]
[Termination "normal"]
[Board "3.1"]
[BlackTitle "FM"]
[WhiteElo "2065"]
[BlackElo "2368"]
[WhiteClock "00:38:56"]
[BlackClock "00:43:50"]
[WhiteTeam "Barnimer Schachfreunde im SV Stahl Finow e.V."]
[BlackTeam "SK Lehrte von 1919 e. V."]
[PlyCount "41"]
[WhiteFideId "16218744"]
[BlackFideId "16200462"]
[EventCountry "GER"]
[EventRounds "7"]
[EventType "team-swiss"]
[EventDate "2022.12.26"]

1. e4 {[%clk 01:30:56]} {[%emt 00:00:03]} c5 {[%clk 01:30:55]} {[%emt
00:00:06]} 2. Nf3 {[%clk 01:31:21]} {[%emt 00:00:05]} Nc6 {[%clk 01:31:21]}
{[%emt 00:00:04]} 3. Bb5 {[%clk 01:30:47]} {[%emt 00:01:03]} g6 {[%clk
01:31:45]} {[%emt 00:00:07]} 4. O-O {[%clk 01:31:00]} {[%emt 00:00:16]} Bg7
{[%clk 01:31:48]} {[%emt 00:00:28]} 5. Re1 {[%clk 01:31:13]} {[%emt 00:00:17]}
e5 {[%clk 01:29:26]} {[%emt 00:02:52]} 6. Bxc6 {[%clk 01:30:47]} {[%emt
00:00:56]} bxc6 {[%clk 01:28:33]} {[%emt 00:01:23]} 7. c3 {[%clk 01:30:40]}
{[%emt 00:00:38]} Ne7 {[%clk 01:25:52]} {[%emt 00:03:11]} 8. d4 {[%clk
01:27:58]} {[%emt 00:03:11]} cxd4 {[%clk 01:23:49]} {[%emt 00:02:34]} 9. cxd4
{[%clk 01:27:44]} {[%emt 00:00:44]} exd4 {[%clk 01:24:11]} {[%emt 00:00:08]}
10. Nxd4 {[%clk 01:28:07]} {[%emt 00:00:07]} O-O {[%clk 01:22:50]} {[%emt
00:01:52]} 11. Nc3 {[%clk 01:28:27]} {[%emt 00:00:08]} Qc7 {[%clk 01:18:00]}
{[%emt 00:05:20]} 12. Bg5 {[%clk 01:13:41]} {[%emt 00:15:17]} Re8 {[%clk
01:16:27]} {[%emt 00:02:04]} 13. Qd2 {[%clk 01:13:32]} {[%emt 00:00:39]} Ba6
{[%clk 01:07:21]} {[%emt 00:09:35]} 14. Rad1 {[%clk 01:06:43]} {[%emt
00:07:17]} Bc4 {[%clk 00:57:11]} {[%emt 00:10:43]} 15. b3 {[%clk 00:57:49]}
{[%emt 00:09:22]} Be6 {[%clk 00:54:41]} {[%emt 00:03:00]} 16. Na4 {[%clk
00:49:39]} {[%emt 00:08:40]} d5 {[%clk 00:48:12]} {[%emt 00:07:00]} 17. Nxe6
{[%clk 00:42:24]} {[%emt 00:07:45]} fxe6 {[%clk 00:48:35]} {[%emt 00:00:07]}
18. exd5 {[%clk 00:42:11]} {[%emt 00:00:44]} exd5 {[%clk 00:44:41]} {[%emt
00:04:24]} 19. Nc5 {[%clk 00:40:52]} {[%emt 00:01:48]} Nf5 {[%clk 00:43:45]}
{[%emt 00:01:26]} 20. Ne6 {[%clk 00:40:16]} {[%emt 00:01:05]} Qd7 {[%clk
00:43:50]} {[%emt 00:00:26]} 21. Nxg7 {[%clk 00:38:56]} {[%emt 00:01:50]}
1/2-1/2

[Event "DVM U20 2022"]
[Site "Münster GER"]
[Date "2022.12.30"]
[Round "7"]
[White "Meiwes, Thore"]
[Black "Beyer, Lorenz"]
[Result "1-0"]
[Termination "normal"]
[Board "3.2"]
[WhiteElo "2081"]
[BlackElo "1883"]
[WhiteClock "00:44:56"]
[BlackClock "00:32:32"]
[WhiteTeam "SK Lehrte von 1919 e. V."]
[BlackTeam "Barnimer Schachfreunde im SV Stahl Finow e.V."]
[PlyCount "83"]
[WhiteFideId "16201256"]
[BlackFideId "16245393"]
[EventCountry "GER"]
[EventRounds "7"]
[EventType "team-swiss"]
[EventDate "2022.12.26"]

1. d4 {[%emt 0:00:01]} d5 {[%emt 0:00:04]} 2. Nf3 {[%emt 0:00:04]} Nf6 {[%emt
0:00:04]} 3. Bf4 {[%emt 0:00:08]} c5 {[%emt 0:00:03]} 4. c3 {[%emt 0:00:06]}
Nc6 {[%emt 0:00:07]} 5. e3 {[%emt 0:00:05]} Qb6 {[%emt 0:00:10]} 6. Qc2 {[%emt
0:00:06]} g6 {[%emt 0:05:55]} 7. Nbd2 {[%emt 0:00:02]} Bf5 {[%emt 0:00:11]} 8.
dxc5 {[%emt 0:00:05]} Qxc5 {[%emt 0:00:27]} 9. Qb3 {[%emt 0:00:06]} Bc8 {[%emt
0:07:19]} 10. Be2 {[%emt 0:02:49]} Bg7 {[%emt 0:00:33]} 11. h3 {[%emt 0:02:17]}
O-O {[%emt 0:00:19]} 12. O-O {[%emt 0:00:02]} Na5 {[%emt 0:01:33]} 13. Qd1
{[%emt 0:03:12]} Qb6 {[%emt 0:01:37]} 14. b4 {[%emt 0:06:00]} Nc6 {[%emt
0:00:12]} 15. Rc1 {[%emt 0:01:12]} Bf5 {[%emt 0:01:57]} 16. a4 {[%emt 0:04:24]}
Rac8 {[%emt 0:03:21]} 17. a5 {[%emt 0:00:15]} Qd8 {[%emt 0:00:06]} 18. Nd4
{[%emt 0:05:39]} Bd7 {[%emt 0:04:16]} 19. a6 {[%emt 0:01:35]} b6 {[%emt
0:00:44]} 20. Qb3 {[%emt 0:03:14]} Re8 {[%emt 0:02:54]} 21. Bh2 {[%emt
0:01:55]} h5 {[%emt 0:03:40]} 22. Rfd1 {[%emt 0:01:31]} Nxd4 {[%emt 0:14:49]}
23. cxd4 {[%emt 0:00:16]} b5 {[%emt 0:00:32]} 24. Qa3 {[%emt 0:05:02]} Qb6
{[%emt 0:04:25]} 25. Nb3 {[%emt 0:00:56]} Rxc1 {[%emt 0:02:16]} 26. Rxc1 {[%emt
0:00:13]} Rc8 {[%emt 0:00:04]} 27. Nc5 {[%emt 0:02:44]} Be8 {[%emt 0:08:22]}
28. Ra1 {[%emt 0:07:38]} Ne4 {[%emt 0:03:11]} 29. Bf3 {[%emt 0:03:15]} Nxc5
{[%emt 0:02:16]} 30. bxc5 {[%emt 0:00:25]} Qc6 {[%emt 0:00:51]} 31. Qa2 {[%emt
0:02:08]} Rd8 {[%emt 0:01:11]} 32. Qa5 {[%emt 0:04:09]} Rc8 33. Rc1 e5 34. Bxe5
Bxe5 35. dxe5 Qe6 36. Qa1 Rc6 37. Qd4 Rxa6 38. Bxd5 Qe7 39. c6 Qc7 40. Qc5 Rb6
41. Qd6 Qc8 42. e6 1-0

[Event "DVM U20 2022"]
[Site "Münster GER"]
[Date "2022.12.30"]
[Round "7"]
[White "Straßburg, Robin Leonard"]
[Black "Reimer, Philip"]
[Result "0-1"]
[Termination "normal"]
[Board "3.3"]
[WhiteElo "1781"]
[BlackElo "2144"]
[WhiteClock "00:31:55"]
[BlackClock "00:57:11"]
[WhiteTeam "Barnimer Schachfreunde im SV Stahl Finow e.V."]
[BlackTeam "SK Lehrte von 1919 e. V."]
[PlyCount "76"]
[WhiteFideId "16210018"]
[BlackFideId "16235860"]
[EventCountry "GER"]
[EventRounds "7"]
[EventType "team-swiss"]
[EventDate "2022.12.26"]

1. d4 {[%emt 0:00:03]} d5 {[%emt 0:00:14]} 2. Bf4 {[%emt 0:00:17]} c5 {[%emt
0:00:08]} 3. e3 {[%emt 0:00:06]} cxd4 {[%emt 0:00:04]} 4. exd4 {[%emt 0:00:22]}
Nc6 {[%emt 0:00:06]} 5. c3 {[%emt 0:00:48]} f6 {[%emt 0:00:08]} 6. Bd3 {[%emt
0:14:07]} e5 {[%emt 0:03:45]} 7. dxe5 {[%emt 0:02:42]} fxe5 {[%emt 0:00:08]} 8.
Qh5 {[%emt 0:02:04]} g6 {[%emt 0:00:06]} 9. Bxg6 {[%emt 0:00:15]} hxg6 {[%emt
0:00:05]} 10. Qxh8 {[%emt 0:01:19]} exf4 {[%emt 0:00:05]} 11. Qxg8 {[%emt
0:11:06]} Bf5 {[%emt 0:00:05]} 12. Nf3 {[%emt 0:11:28]} Qe7 {[%emt 0:00:19]}
13. Kd1 {[%emt 0:01:34]} O-O-O {[%emt 0:01:57]} 14. Re1 {[%emt 0:03:14]} Qf6
{[%emt 0:14:37]} 15. Nbd2 {[%emt 0:06:10]} Be7 {[%emt 0:01:32]} 16. Qh7 {[%emt
0:05:00]} Rh8 {[%emt 0:00:31]} 17. Qxh8 {[%emt 0:00:50]} Qxh8 {[%emt 0:00:06]}
18. Nb3 {[%emt 0:00:33]} Bf6 {[%emt 0:01:18]} 19. Ke2 {[%emt 0:01:01]} g5
{[%emt 0:04:38]} 20. h3 {[%emt 0:00:08]} g4 {[%emt 0:02:39]} 21. hxg4 {[%emt
0:00:08]} Bxg4 {[%emt 0:00:05]} 22. Rad1 {[%emt 0:00:28]} Bxf3 {[%emt 0:01:02]}
23. gxf3 {[%emt 0:00:31]} Qe8 {[%emt 0:00:10]} 24. Kd2 {[%emt 0:03:08]} Qh5
{[%emt 0:00:31]} 25. Kc1 {[%emt 0:01:04]} Qxf3 {[%emt 0:00:39]} 26. Rd2 {[%emt
0:00:19]} a5 {[%emt 0:11:13]} 27. Red1 {[%emt 0:03:31]} a4 28. Nd4 Bxd4 29.
cxd4 a3 30. bxa3 Qxa3 31. Kb1 Na5 32. Rd3 Qb4 33. Kc2 Nc4 34. Rb3 Qa5 35. a3
Nxa3 36. Kd3 Nc4 37. Rc3 Qa2 38. f3 Qf2 0-1